Filmové privítanie jari

Bibliographic Details
Main Author: Šilanová, Nina (Author)
Format: Article
Language:Slovak
PhysicalDescription:Fotogr.
ISSN:1335-8286
Subjects:

MARC

LEADER 00000nab a2200000 ar4500
001 vtls008990039
003 SK-MaSNL
005 20260303065123.0
008 070517c2007 xo mr|p|||||||000 b|slo
015 |a SNBRB2007/05  |2 snkbucl 
038 |a SNKBUCL 
040 |a SNKBUCL  |b slo  |c SNKBUCL  |e AACR2 
041 0 |a slo 
044 |a xo  |c SK 
080 |a 791.079  |x (437.6)  |2 2001 
100 1 |a Šilanová, Nina  |4 aut  |9 1031892 
245 1 0 |a Filmové privítanie jari  |c Nina Šilanová 
300 |b Fotogr. 
611 2 7 |a Febiofest  |n (14. :  |d 2007 :  |c Slovensko)  |2 snkbucl  |9 1064581 
773 0 |t Film.sk  |g Roč. 8, č. 5 (2007), s. 28-29  |x 1335-8286 
852 |a SNK  |b KIS3GCP 
958 |a SK 
999 |c 1749905  |d 1751835